[Event "European Team Chess Championships"]
[Site "Crete GRE"]
[Date "2007.10.30"]
[EventDate "2007.10.28"]
[Round "3"]
[Result "1-0"]
[White "Alexander Areshchenko"]
[Black "Maxim Rodshtein"]
[WhiteElo "2638"]
[BlackElo "2615"]
[PlyCount "65"]

1. e4 c6 2. d4 d5 3. e5 Bf5 4. Nf3 e6 5. Be2 Nd7 6. O-O Ne7
7. Nbd2 h6 8. Nb3 Bh7 9. Bd2 Ng6 10. c4 dxc4 11. Na5 b5
12. Nxc6 Qc7 13. d5 exd5 14. Ncd4 a6 15. a4 b4 16. a5 b3
17. Re1 Nc5 18. Rc1 Be7 19. Nf5 O-O 20. Bxh6 gxh6 21. Nxh6+
Kh8 22. Qxd5 Nf4 23. Qxc4 Nxe2+ 24. Rxe2 Kg7 25. Qf4 Qc6
26. Nf5+ Bxf5 27. Nd4 Bg6 28. Nxc6 Nd3 29. Qc4 Nxc1 30. Qxc1
Rfc8 31. e6 Ra7 32. exf7 Rac7 33. Re6 1-0

[Event "European Team Chess Championships"]
[Site "Crete GRE"]
[Date "2007.10.31"]
[EventDate "2007.10.28"]
[Round "4"]
[Result "1/2-1/2"]
[White "Maxim Rodshtein"]
[Black "Robert Ruck"]
[WhiteElo "2615"]
[BlackElo "2561"]
[PlyCount "32"]

1. d4 d5 2. c4 c6 3. Nf3 Nf6 4. e3 Bg4 5. h3 Bxf3 6. Qxf3 e6
7. Nc3 Bb4 8. Bd3 Nbd7 9. O-O O-O 10. Qd1 Qe7 11. Qb3 dxc4
12. Bxc4 Nb6 13. Be2 Rfd8 14. Rd1 Rd7 15. a4 Ba5 16. Bd2 Rad8
1/2-1/2

[Event "European Team Chess Championships"]
[Site "Crete GRE"]
[Date "2007.11.04"]
[EventDate "2007.10.28"]
[Round "7"]
[Result "0-1"]
[White "Jon Ludvig Hammer"]
[Black "Maxim Rodshtein"]
[WhiteElo "2402"]
[BlackElo "2615"]
[PlyCount "170"]

1. e4 c6 2. d4 d5 3. Nd2 dxe4 4. Nxe4 Nd7 5. Ng5 Ngf6 6. Bd3
e6 7. N1f3 Bd6 8. Qe2 h6 9. Ne4 Nxe4 10. Qxe4 Qc7 11. O-O b6
12. Qg4 Kf8 13. b3 Bb7 14. Bb2 Nf6 15. Qh4 Nd5 16. Ne5 g5
17. Qh3 Nf4 18. Qf3 Rg8 19. Be4 Rc8 20. g3 Bxe5 21. dxe5 Nh3+
22. Kh1 g4 23. Qg2 Ng5 24. Kg1 Nxe4 25. Qxe4 c5 26. Qf4 Rg6
27. Rad1 Qc6 28. f3 gxf3 29. Rd6 Qe4 30. Qxe4 Bxe4 31. Rd7 a5
32. c4 h5 33. Bc1 h4 34. Kf2 Kg7 35. Bf4 hxg3+ 36. Bxg3 a4
37. Rd6 Bc6 38. Rg1 Kh7 39. Rb1 Rg4 40. Re1 Rd4 41. Rxd4 cxd4
42. Rd1 Rd8 43. Bh4 Ra8 44. b4 Rg8 45. Bg3 Rg4 46. b5 Bb7
47. Rd3 Kg6 48. a3 Ba8 49. h3 Re4 50. Rxf3 d3 51. Rxd3 Rxc4
52. Ke3 Kf5 53. Rd4 Rc3+ 54. Rd3 Rc5 55. Rd4 Be4 56. Ke2 Rc3
57. Bf2 Kxe5 58. Rxa4 Rxh3 59. Bxb6 Bd3+ 60. Kd2 Bxb5 61. Ra5
Rd3+ 62. Ke1 Rd5 63. a4 Bc4 64. Rxd5+ Kxd5 65. Kf2 Ke4 66. Bd8
f5 67. Bf6 f4 68. a5 Ba6 69. Bg7 e5 70. Bf6 Bc8 71. Bg7 Kf5
72. Bh8 Ba6 73. Bg7 Ke6 74. Kf3 Kf5 75. Kf2 Ke4 76. Bf6 Kd5
77. Bg5 Ke6 78. Bd8 e4 79. Bb6 Bb7 80. Ba7 Kd5 81. Bb6 Bc8
82. Ba7 Kc4 83. Bb8 e3+ 84. Kf3 Bg4+ 85. Kxg4 e2 0-1

[Event "European Team Chess Championships"]
[Site "Crete GRE"]
[Date "2007.11.05"]
[EventDate "2007.10.28"]
[Round "8"]
[Result "1-0"]
[White "Maxim Rodshtein"]
[Black "Jure Borisek"]
[WhiteElo "2615"]
[BlackElo "2508"]
[PlyCount "113"]

1. c4 c5 2. Nf3 Nf6 3. Nc3 Nc6 4. d4 cxd4 5. Nxd4 e6 6. a3 Be7
7. e4 O-O 8. Nf3 b6 9. Be2 Bb7 10. Bf4 d6 11. O-O a6 12. Re1
Qc7 13. Rc1 Ne5 14. Nd2 Rac8 15. Bf1 Qb8 16. b4 Bd8 17. Qe2
Bc7 18. Bg3 Rfe8 19. f4 Ng6 20. Kh1 Qa8 21. h3 Nd7 22. Bh2 h6
23. Qf2 Qb8 24. Bd3 Rf8 25. Rf1 Ne7 26. Nf3 d5 27. exd5 exd5
28. Rce1 Rce8 29. Ne5 Nf6 30. cxd5 Rd8 31. Bb1 Nexd5 32. Rc1
Nxc3 33. Rxc3 Ne4 34. Bxe4 Bxe4 35. Nc6 Bxc6 36. Rxc6 Rd7
37. Bg1 Rfd8 38. Qc2 Rd2 39. Qc1 Qb7 40. Rf3 R8d7 41. Qc3 Bd8
42. Rxh6 Qxf3 43. Qxf3 gxh6 44. Be3 R2d5 45. Kh2 f5 46. Qe2 b5
47. Bc5 Bc7 48. Qe6+ Kh7 49. Kg3 Rg7+ 50. Kf3 Rd3+ 51. Be3
Rxa3 52. Qxf5+ Kg8 53. Qe6+ Kh7 54. g4 a5 55. f5 Bd8 56. f6
Rc7 57. Qe4+ 1-0

[Event "European Team Chess Championships"]
[Site "Crete GRE"]
[Date "2007.11.06"]
[EventDate "2007.10.28"]
[Round "9"]
[Result "1-0"]
[White "Maxim Rodshtein"]
[Black "Karen Asrian"]
[WhiteElo "2615"]
[BlackElo "2623"]
[PlyCount "117"]

1. c4 e6 2. d4 d5 3. Nf3 Nf6 4. Bg5 Be7 5. Nc3 h6 6. Bxf6 Bxf6
7. e3 O-O 8. Qb3 c6 9. Rd1 Nd7 10. Bd3 Rb8 11. Bb1 Re8 12. Qc2
g6 13. e4 e5 14. cxd5 exd4 15. Nxd4 cxd5 16. Nxd5 Qa5+ 17. Nc3
Qc5 18. Nb3 Qc4 19. Nd2 Bxc3 20. bxc3 Qa6 21. c4 Ne5 22. f4
Nc6 23. O-O Bg4 24. Nf3 Rbd8 25. Qc3 Bxf3 26. gxf3 Qa5 27. Qe3
Rxd1 28. Rxd1 Rd8 29. Rd5 Qb4 30. Bd3 Qc3 31. Kf2 Re8 32. Be2
Qf6 33. c5 Ne7 34. Rd7 Qh4+ 35. Kg2 g5 36. fxg5 Ng6 37. Bf1
Re5 38. Kh1 Rxg5 39. Rxb7 Ne5 40. Rb2 Qh5 41. f4 Nc4 42. Qe2
Nxb2 43. fxg5 Qxg5 44. Qxb2 Qxc5 45. Qb8+ Kg7 46. Qg3+ Kf8
47. Qf4 Kg7 48. h3 Qd4 49. Qf3 Qa1 50. Qf2 a5 51. Kh2 Kf8
52. Bg2 a4 53. Qc5+ Kg7 54. Qd5 f6 55. Qd7+ Kg6 56. Qe6 Kg7
57. h4 Qc3 58. h5 Qc5 59. e5 1-0

[Event "World Chess Cup"]
[Site "Khanty-Mansiysk RUS"]
[Date "2007.11.24"]
[EventDate "?"]
[Round "11"]
[Result "1/2-1/2"]
[White "Maxim Rodshtein"]
[Black "Jan Gustafsson"]
[WhiteElo "2615"]
[BlackElo "2606"]
[PlyCount "102"]

1. e4 e5 2. Nf3 Nc6 3. Bb5 a6 4. Ba4 Nf6 5. O-O Be7 6. d3 b5
7. Bb3 d6 8. a4 Bd7 9. Bd2 O-O 10. axb5 axb5 11. Nc3 Nd4
12. Nxd4 Rxa1 13. Qxa1 exd4 14. Ne2 c5 15. Bg5 Nd5 16. Bxd5
Bxg5 17. Qa6 Qc7 18. f4 Bh4 19. g3 Bf6 20. b3 Rc8 21. Ra1 g6
22. Kf2 Kg7 23. Ng1 Be7 24. Nf3 Rb8 25. h4 Be6 26. Qa7 Qxa7
27. Rxa7 Bxd5 28. Rxe7 Rb7 29. Re8 Bc6 30. Rc8 Bd7 31. Ra8 Kf6
32. b4 Ke7 33. Ra6 Rc7 34. Rb6 h5 35. Ke1 Bc6 36. Nd2 f5
37. bxc5 dxc5 38. Nf3 fxe4 39. Ne5 Be8 40. dxe4 Ra7 41. Kd2
Ra1 42. Nxg6+ Bxg6 43. Rxg6 c4 44. Rb6 c3+ 45. Ke2 Rc1
46. Rxb5 Rxc2+ 47. Kd1 d3 48. Rc5 Rd2+ 49. Kc1 Rc2+ 50. Kd1
Rd2+ 51. Kc1 Rc2+ 1/2-1/2

[Event "World Chess Cup"]
[Site "Khanty-Mansiysk RUS"]
[Date "2007.11.25"]
[EventDate "2007.11.24"]
[Round "1.2"]
[Result "1-0"]
[White "Jan Gustafsson"]
[Black "Maxim Rodshtein"]
[WhiteElo "2606"]
[BlackElo "2615"]
[PlyCount "59"]

1. d4 d5 2. c4 c6 3. Nf3 Nf6 4. Nc3 e6 5. Bg5 h6 6. Bh4 dxc4
7. e4 g5 8. Bg3 b5 9. Be2 Bb7 10. O-O Nbd7 11. Ne5 Bg7
12. Nxd7 Nxd7 13. Bd6 a6 14. a4 e5 15. d5 c5 16. b4 cxb4
17. Bxb4 a5 18. Bd6 b4 19. Nb5 Rc8 20. Bxc4 Rxc4 21. Qb3 Qc8
22. Bc7 Qxc7 23. Nxc7+ Rxc7 24. Rac1 Nc5 25. Qh3 Bc8 26. Qf3
g4 27. Qe3 Bf8 28. f4 gxf3 29. Qxf3 f5 30. Qg3 1-0

[Event "XVII Pampona International"]
[Site "Pamplona ESP"]
[Date "2007.12.22"]
[EventDate "2007.12.22"]
[Round "1"]
[Result "1/2-1/2"]
[White "Wang Yue"]
[Black "Maxim Rodshtein"]
[WhiteElo "2703"]
[BlackElo "2615"]
[PlyCount "135"]

1. Nf3 Nf6 2. c4 c6 3. d4 d5 4. e3 Bg4 5. h3 Bxf3 6. Qxf3 e6
7. Nc3 Nbd7 8. Bd3 Bb4 9. a3 Ba5 10. O-O O-O 11. b4 Bc7
12. Bb2 Re8 13. cxd5 cxd5 14. Rac1 Nb6 15. Qd1 Rc8 16. Na4 Qd6
17. g3 Nxa4 18. Qxa4 Bb6 19. Qb3 Qd7 20. Kg2 Rxc1 21. Rxc1 Rc8
22. a4 Rxc1 23. Bxc1 Qc8 24. Bd2 Bd8 25. f3 h5 26. a5 g6
27. b5 b6 28. a6 Be7 29. e4 dxe4 30. fxe4 Qd8 31. Qc3 h4
32. Bf4 hxg3 33. Bc7 Qd7 34. Be5 Ne8 35. Bxg3 Bd6 36. Bf2 Nc7
37. Qc4 Kf8 38. Be2 Be7 39. Be3 Ke8 40. Bf2 Kd8 41. Qd3 Bf8
42. h4 Bg7 43. Qd2 Bf6 44. Qb4 Be7 45. Qb3 Bf8 46. e5 Be7
47. Bc4 Ke8 48. Qf3 Nd5 49. Qe4 Bf8 50. Kf3 Be7 51. Be1 Bf8
52. Bd2 Be7 53. Ke2 Qd8 54. Be1 Qa8 55. Kf3 Qd8 56. Kg3 Qa8
57. Qf3 Qd8 58. Bd2 Qd7 59. Qh1 Nc7 60. Be3 Nd5 61. Bf2 Bf8
62. h5 Qd8 63. Bxd5 Qg5+ 64. Kf3 exd5 65. hxg6 Qxg6 66. Qh3
Kd8 67. Qh4+ Be7 68. Qf4 1/2-1/2

[Event "XVII Pampona International"]
[Site "Pamplona ESP"]
[Date "2007.12.23"]
[EventDate "2007.12.22"]
[Round "2"]
[Result "1-0"]
[White "Maxim Rodshtein"]
[Black "Gabriel Sargissian"]
[WhiteElo "2615"]
[BlackElo "2673"]
[PlyCount "83"]

1. d4 Nf6 2. c4 e6 3. Nf3 d5 4. Nc3 Bb4 5. cxd5 exd5 6. Bg5
Nbd7 7. e3 c5 8. Qc2 Qa5 9. Bd3 c4 10. Bf5 O-O 11. O-O Re8
12. Nd2 g6 13. Bh3 Kg7 14. Rae1 h6 15. Bh4 g5 16. Bxd7 Bxd7
17. Bg3 Nh5 18. e4 Bxc3 19. bxc3 dxe4 20. Nxc4 Qa4 21. Qxa4
Bxa4 22. Nd6 Bc2 23. Nxe8+ Rxe8 24. Rc1 Bd3 25. Rfd1 b5 26. f3
f5 27. Be5+ Kg6 28. fxe4 fxe4 29. g3 Nf6 30. a4 bxa4 31. c4
Ng4 32. c5 Nxe5 33. dxe5 a3 34. Ra1 Rxe5 35. c6 Re7 36. Rxa3
Kf5 37. Rc1 Rc7 38. Kf2 Ke5 39. Ke3 Kd6 40. Ra5 a6 41. Rf5 Ke6
42. Rf8 1-0

[Event "XVII Pampona International"]
[Site "Pamplona ESP"]
[Date "2007.12.24"]
[EventDate "2007.12.22"]
[Round "3"]
[Result "1-0"]
[White "Ibragim S Khamrakulov"]
[Black "Maxim Rodshtein"]
[WhiteElo "2604"]
[BlackElo "2615"]
[PlyCount "107"]

1. e4 e6 2. d4 d5 3. Nd2 c5 4. exd5 Qxd5 5. Ngf3 cxd4 6. Bc4
Qd6 7. O-O Nf6 8. Nb3 Nc6 9. Nbxd4 Nxd4 10. Nxd4 a6 11. Bb3
Bd7 12. c3 Qc7 13. Bg5 O-O-O 14. Bxf6 gxf6 15. Qh5 Be8
16. Rad1 Kb8 17. Qh4 Bg7 18. Rd3 Bd7 19. Rg3 Rdg8 20. Qh5 Bc8
21. f4 Bf8 22. Rxg8 Rxg8 23. Qxh7 Rg6 24. Qh8 Bc5 25. f5 exf5
26. Qe8 Rh6 27. g3 Ka7 28. Qxf7 Qe5 29. Qd5 Bb6 30. Qf3 f4
31. Qxf4 Qh5 32. Rf2 Bh3 33. Qf3 Qg5 34. Qf4 Qe5 35. Bc4 Qe1+
36. Bf1 Rh5 37. Qxf6 Re5 38. Qf3 Re3 39. Re2 Rxe2 40. Qxe2 Qc1
41. a4 Bxf1 42. Qxf1 Qxb2 43. Qc4 Qd2 44. h4 Qe3+ 45. Kg2 Qe4+
46. Kh2 Qe1 47. Qd3 Qe8 48. g4 Qxa4 49. h5 Qa2+ 50. Kh3 Qf2
51. h6 Qf6 52. h7 Qh6+ 53. Kg2 Qg7 54. Qf5 1-0

[Event "XVII Pampona International"]
[Site "Pamplona ESP"]
[Date "2007.12.25"]
[EventDate "2007.12.22"]
[Round "4"]
[Result "1/2-1/2"]
[White "Maxim Rodshtein"]
[Black "Sergei Movsesian"]
[WhiteElo "2615"]
[BlackElo "2670"]
[PlyCount "239"]

1. e4 c5 2. Nf3 e6 3. d4 cxd4 4. Nxd4 Nf6 5. Nc3 Qc7 6. Be2 a6
7. O-O Nc6 8. Be3 Be7 9. f4 d6 10. Kh1 O-O 11. a4 Re8 12. Bf3
Bd7 13. Nb3 b6 14. g4 Bc8 15. g5 Nd7 16. Bg2 Bf8 17. Rf3 g6
18. h4 Bb7 19. h5 Bg7 20. Rh3 Nb4 21. hxg6 fxg6 22. Qd2 Nc5
23. Nd1 Nbd3 24. Nxc5 Nxc5 25. Nc3 Rac8 26. Bg1 Bxc3 27. Rxc3
Bxe4 28. b4 Bxg2+ 29. Qxg2 Qg7 30. Raa3 Nd7 31. Rc6 d5
32. Rac3 Qf8 33. Qg4 Rxc6 34. Rxc6 Qxb4 35. Rxe6 Rf8 36. c4
dxc4 37. Rc6 Rf7 38. Qe6 c3 39. Rc4 Qe7 40. Qd5 Qe1 41. Rc7
Qh4+ 42. Bh2 Qe1+ 43. Bg1 c2 44. Rxc2 Qh4+ 45. Bh2 Qe1+
46. Kg2 Nf8 47. Rc8 Qe2+ 48. Kh3 b5 49. axb5 Qxb5 50. Qxb5
axb5 51. Rb8 Rf5 52. Bg1 Kf7 53. Kg4 Ke6 54. Bd4 Nd7 55. Rb7
Kd6 56. Kf3 Kc6 57. Ra7 b4 58. Ra6+ Kd5 59. Ke3 Kc4 60. Ra7
Rd5 61. Rc7+ Nc5 62. Be5 Rd3+ 63. Ke2 Rd7 64. Rc8 b3 65. Ke3
Rb7 66. Bb2 Kb4 67. Bd4 Na4 68. f5 gxf5 69. Kf4 Rf7 70. Rb8+
Kc4 71. Bf6 Nc5 72. Kxf5 Rd7 73. Kg4 Ne4 74. Be5 Rd5 75. Bf4
Kc3 76. Rc8+ Kd3 77. Bc1 Rc5 78. Rxc5 Nxc5 79. Bb2 Ke4 80. Kh5
Ne6 81. Kg4 Nf4 82. Ba1 Ng6 83. Kh5 Kf5 84. Kh6 Nf8 85. Bb2
Kg4 86. Ba1 Kf4 87. Bb2 Kf5 88. Ba1 Ke6 89. Kg7 Kf5 90. Kh6
Ne6 91. Kxh7 Kxg5 92. Kg8 Kg6 93. Bb2 Nc5 94. Kf8 Na4 95. Ba1
Kf5 96. Ke7 Ke4 97. Kd6 Kd3 98. Kd5 Nc3+ 99. Kc5 Kc2 100. Kb4
Nd5+ 101. Ka3 Nf4 102. Kb4 Nd3+ 103. Ka3 Nc5 104. Kb4 Nd3+
105. Ka3 Nc5 106. Kb4 Nd3+ 107. Ka3 Nc1 108. Bb2 Na2 109. Ba1
Nc3 110. Kb4 Ne4 111. Ka3 Nd2 112. Bd4 Nc4+ 113. Kb4 Nb2
114. Ka3 Nd1 115. Ba1 Ne3 116. Kb4 Nf1 117. Ka3 Nd2 118. Bd4
Kb1 119. Bc3 Kc2 120. Bd4 1/2-1/2

[Event "XVII Pamplona International"]
[Site "Pamplona ESP"]
[Date "2007.12.26"]
[EventDate "2007.12.22"]
[Round "5"]
[Result "1/2-1/2"]
[White "Baadur Jobava"]
[Black "Maxim Rodshtein"]
[WhiteElo "2644"]
[BlackElo "2615"]
[PlyCount "78"]

1. d4 d5 2. c4 c6 3. Nc3 Nf6 4. Nf3 e6 5. Bg5 dxc4 6. e4 b5
7. e5 h6 8. Bh4 g5 9. Nxg5 hxg5 10. Bxg5 Nbd7 11. exf6 Bb7
12. g3 c5 13. d5 Nxf6 14. Bg2 Be7 15. O-O Nxd5 16. Bxe7 Kxe7
17. Nxb5 Qb6 18. Na3 Rh4 19. Qd2 Nf4 20. Nxc4 Qa6 21. Rfc1 Rg8
22. Bxb7 Qxb7 23. Qd6+ Kf6 24. Qe5+ Ke7 25. Qxc5+ Kf6 26. Qe5+
Ke7 27. Ne3 Ne2+ 28. Kf1 Nxc1 29. Nf5+ Kd7 30. Qd6+ Ke8
31. Rxc1 exf5 32. gxh4 Qh1+ 33. Ke2 Qxc1 34. Qb8+ Ke7 35. Qxg8
Qc4+ 36. Kd2 Qf4+ 37. Ke1 Qc1+ 38. Ke2 Qc4+ 39. Kd2 Qf4+
1/2-1/2

[Event "XVII Pamplona International"]
[Site "Pamplona ESP"]
[Date "2007.12.29"]
[EventDate "2007.12.22"]
[Round "7"]
[Result "1-0"]
[White "Alexander Beliavsky"]
[Black "Maxim Rodshtein"]
[WhiteElo "2646"]
[BlackElo "2615"]
[PlyCount "110"]

1. d4 d5 2. c4 c6 3. Nf3 Nf6 4. Nc3 e6 5. Bg5 h6 6. Bxf6 Qxf6
7. e3 Nd7 8. Rc1 g6 9. Bd3 dxc4 10. Bxc4 Bg7 11. O-O O-O
12. Bb3 Qe7 13. Na4 Rd8 14. Qc2 Rb8 15. Rfd1 Nf6 16. Nc5 b6
17. Ne5 bxc5 18. Nxc6 Qc7 19. Qxc5 Re8 20. Nxb8 Qxb8 21. Ba4
Rf8 22. b4 Ng4 23. g3 Bb7 24. a3 Rc8 25. Qb5 Rd8 26. Qe2 Nf6
27. Bc6 Bxc6 28. Rxc6 Qb7 29. Rdc1 Bf8 30. Qa6 Qd7 31. Rc7 Qd5
32. Rxa7 Ne4 33. Qc4 Qf5 34. Qe2 h5 35. Rcc7 Nd6 36. Ra5 Qb1+
37. Kg2 Ne8 38. Qc2 Qe1 39. Qc1 Qe2 40. Rc2 Qd3 41. Rc3 Qe4+
42. f3 Qb7 43. Kf2 Qb8 44. Qf1 Nd6 45. Qa6 h4 46. Rc6 hxg3+
47. hxg3 Nf5 48. f4 Ne7 49. Rb6 Qc7 50. Rc5 Qd7 51. Rb7 Qd6
52. Qxd6 Rxd6 53. a4 Rd8 54. a5 Nd5 55. a6 Ra8 1-0

[Event "MTO"]
[Site "Biel SUI"]
[Date "2007.08.01"]
[EventDate "2007.07.23"]
[Round "9"]
[Result "1-0"]
[White "Maxim Rodshtein"]
[Black "Leonid Kritz"]
[WhiteElo "2586"]
[BlackElo "2571"]
[PlyCount "141"]

1. d4 d5 2. c4 c6 3. Nf3 Nf6 4. Nc3 a6 5. c5 Bf5 6. Bf4 Nbd7
7. e3 Nh5 8. Be5 Nhf6 9. Bg3 Ne4 10. Nxe4 Bxe4 11. Be2 e6
12. O-O Bxf3 13. Bxf3 Be7 14. b4 Bh4 15. Bxh4 Qxh4 16. a4 O-O
17. b5 axb5 18. axb5 Rfc8 19. Qb3 Qd8 20. Be2 Rxa1 21. Rxa1
Ra8 22. Ra4 g6 23. g3 Rxa4 24. Qxa4 cxb5 25. Bxb5 Nb8 26. Qa7
Qc7 27. Kg2 Kf8 28. Kf3 Ke7 29. Kg4 h6 30. Kf3 Kd8 31. Ke2 Nc6
32. Qa8+ Qc8 33. Qa4 Qc7 34. h4 Ne7 35. Kf3 Nc8 36. Qa3 Ke7
37. Qa8 b6 38. Ba6 Na7 39. Bb7 Nb5 40. Qa6 Nxd4+ 41. exd4 bxc5
42. dxc5 Qxc5 43. Kg2 h5 44. Qa1 Qb4 45. Ba6 Qe4+ 46. Kg1 Kf8
47. Qh8+ Ke7 48. Qc3 Qb1+ 49. Kg2 Qe4+ 50. Kh2 Kf8 51. Qh8+
Ke7 52. Qc8 Qd4 53. Kg1 Qa1+ 54. Kg2 Qd4 55. Be2 Qe4+ 56. Bf3
Qd4 57. Qb8 Qc3 58. Be2 Qd4 59. Qf4 Qc3 60. Qe3 Qxe3 61. fxe3
f5 62. Bb5 Kf6 63. Bc6 g5 64. hxg5+ Kxg5 65. Kh3 h4 66. gxh4+
Kf6 67. Bxd5 Ke5 68. Bb7 Kf6 69. Bc8 e5 70. h5 Kg5 71. h6 1-0

[Event "Aeroflot Open"]
[Site "Moscow RUS"]
[Date "2008.02.14"]
[EventDate "2008.02.14"]
[Round "1"]
[Result "1/2-1/2"]
[White "Ildar Khairullin"]
[Black "Maxim Rodshtein"]
[WhiteElo "2544"]
[BlackElo "2614"]
[PlyCount "43"]

1. e4 c6 2. d4 d5 3. e5 Bf5 4. Nf3 e6 5. Be2 Nd7 6. O-O Ne7
7. Nbd2 h6 8. Nb3 Bh7 9. Bd2 Ng6 10. Rc1 Be7 11. Na5 Rb8
12. c4 Nf4 13. Bxf4 Qxa5 14. Bd2 Bb4 15. cxd5 cxd5 16. Bxb4
Qxb4 17. Rc7 Qxb2 18. Qc1 Qxc1 19. Rfxc1 a6 20. Nd2 Nb6
21. Nb3 Nc4 22. Bxc4 1/2-1/2

[Event "Aeroflot Open"]
[Site "Moscow RUS"]
[Date "2008.02.15"]
[EventDate "2008.02.14"]
[Round "2"]
[Result "1-0"]
[White "Maxim Rodshtein"]
[Black "Tigran Kotanjian"]
[WhiteElo "2614"]
[BlackElo "2545"]
[PlyCount "53"]

1. d4 d5 2. Nf3 Nf6 3. c4 dxc4 4. e3 e6 5. Bxc4 c5 6. O-O a6
7. Bb3 Nc6 8. Nc3 cxd4 9. exd4 Be7 10. Bg5 O-O 11. Re1 b5
12. Qd3 Nb4 13. Qd2 Bb7 14. Ne5 Nbd5 15. Qd3 Rc8 16. Rac1 Qd6
17. Qh3 Rfe8 18. Bc2 g6 19. Bb3 b4 20. Nxf7 Kxf7 21. Ne4 Qb6
22. Bxf6 Bxf6 23. Rxc8 Bxc8 24. Bxd5 exd5 25. Ng5+ Bxg5
26. Qxh7+ Kf6 27. Rxe8 1-0

[Event "Aeroflot Open"]
[Site "Moscow RUS"]
[Date "2008.02.16"]
[EventDate "2008.02.14"]
[Round "3"]
[Result "1-0"]
[White "Maxim Rodshtein"]
[Black "Sergei Zhigalko"]
[WhiteElo "2614"]
[BlackElo "2558"]
[PlyCount "103"]

1. d4 Nf6 2. c4 e6 3. Nf3 b6 4. g3 Ba6 5. Qc2 Bb4+ 6. Bd2 Be7
7. e4 d5 8. cxd5 Bxf1 9. Kxf1 exd5 10. e5 Ne4 11. Nc3 Nxc3
12. Bxc3 O-O 13. Kg2 Qd7 14. h4 Nc6 15. Bd2 Nd8 16. Ng5 g6
17. h5 Qf5 18. Qxf5 gxf5 19. Nf3 c5 20. dxc5 bxc5 21. Bh6 Re8
22. Rad1 Rb8 23. Rxd5 Rxb2 24. Nh4 Bxh4 25. Rxh4 Rxa2 26. Rxc5
Ra6 27. Be3 Rae6 28. Ra4 Rxe5 29. Rxe5 Rxe5 30. Rxa7 Rd5
31. h6 Ne6 32. Bg5 f6 33. Bxf6 Rd6 34. Be5 Rd5 35. f4 Rd2+
36. Kh3 Rd1 37. Kg2 Rd2+ 38. Kh3 Rd1 39. g4 fxg4+ 40. Kxg4
Rg1+ 41. Kf5 Rg6 42. Re7 Nc5 43. Bg7 Ne6 44. Be5 Nc5 45. Bd4
Nd3 46. Bg7 Rg1 47. Re8+ Kf7 48. Rf8+ Ke7 49. Rh8 Nxf4
50. Rxh7 Ke8 51. Kxf4 Rf1+ 52. Kg5 1-0

[Event "Aeroflot Open"]
[Site "Moscow RUS"]
[Date "2008.02.17"]
[EventDate "2008.02.14"]
[Round "4"]
[Result "0-1"]
[White "Sebastien Feller"]
[Black "Maxim Rodshtein"]
[WhiteElo "2522"]
[BlackElo "2614"]
[PlyCount "98"]

1. Nf3 Nf6 2. c4 c6 3. d4 d5 4. Nc3 e6 5. Bg5 h6 6. Bh4 dxc4
7. e4 g5 8. Bg3 b5 9. Ne5 h5 10. h4 g4 11. Be2 Bb7 12. O-O
Nbd7 13. Qc2 Nxe5 14. Bxe5 Bg7 15. Bg3 O-O 16. e5 Nd5 17. Ne4
Ne7 18. Nd6 Nf5 19. Nxf5 exf5 20. Qxf5 Qd5 21. f3 Qxd4+
22. Kh1 Rae8 23. Rae1 Bc8 24. Qxh5 Re6 25. Qxg4 Qxb2 26. h5
Rh6 27. Qg5 Qxa2 28. f4 f6 29. exf6 Rhxf6 30. Bg4 Bxg4
31. Qxg4 Qc2 32. Re7 R8f7 33. Re8+ Rf8 34. Rxf8+ Rxf8 35. h6
Qh7 36. Qxg7+ Qxg7 37. hxg7 Kxg7 38. Ra1 c3 39. Bf2 Rxf4
40. Bxa7 b4 41. Be3 Re4 42. Bc1 b3 43. Kh2 b2 44. Bxb2 cxb2
45. Ra7+ Kf6 46. Rb7 Re2 47. Kg3 c5 48. Kf3 Rc2 49. Ke3 c4 0-1

[Event "Aeroflot Open"]
[Site "Moscow RUS"]
[Date "2008.02.19"]
[EventDate "2008.02.14"]
[Round "6"]
[Result "1/2-1/2"]
[White "Ian Nepomniachtchi"]
[Black "Maxim Rodshtein"]
[WhiteElo "2600"]
[BlackElo "2614"]
[PlyCount "87"]

1. e4 c6 2. d4 d5 3. exd5 cxd5 4. c4 Nf6 5. Nc3 e6 6. Nf3 Bb4
7. cxd5 Nxd5 8. Qc2 Nc6 9. Bd3 Ba5 10. a3 Nxc3 11. bxc3 Nxd4
12. Nxd4 Qxd4 13. Bb5+ Bd7 14. O-O Qd5 15. c4 Qf5 16. Bxd7+
Kxd7 17. Qb3 b6 18. Rd1+ Ke7 19. a4 Rhd8 20. Ba3+ Kf6 21. Bd6
g5 22. Qb2+ Kg6 23. Ra3 e5 24. Qe2 f6 25. Rad3 Rac8 26. Rd5
Re8 27. g4 Qf4 28. Qd3+ Kg7 29. Bxe5 Qxg4+ 30. Kh1 Rxe5
31. Rd7+ Kf8 32. Rxh7 Qf5 33. Qxf5 Rxf5 34. Rh8+ Kf7 35. Rxc8
Rxf2 36. Rc7+ Kg6 37. Rxa7 Rc2 38. Rc7 Bd2 39. Rc6 Bf4
40. Rxb6 Rxh2+ 41. Kg1 Ra2 42. Rb3 Rxa4 43. Rc3 Ra5 44. Rc2
1/2-1/2

[Event "Aeroflot Open"]
[Site "Moscow RUS"]
[Date "2008.02.21"]
[EventDate "2008.02.14"]
[Round "8"]
[Result "1-0"]
[White "Alexander Motylev"]
[Black "Maxim Rodshtein"]
[WhiteElo "2644"]
[BlackElo "2614"]
[PlyCount "79"]

1. e4 c6 2. d4 d5 3. e5 Bf5 4. Nf3 e6 5. Be2 Nd7 6. O-O Ne7
7. Nbd2 h6 8. Nb3 Nc8 9. a4 Be7 10. a5 a6 11. Be3 Qc7 12. Nfd2
Na7 13. f4 O-O 14. c4 Bh7 15. c5 Nb5 16. g4 f6 17. Nf3 fxe5
18. fxe5 Rf7 19. Bd3 Raf8 20. Bxh7+ Kxh7 21. Qd3+ g6 22. Kg2
Qd8 23. Nbd2 Kg7 24. b4 Rh8 25. Rf2 Rhf8 26. Raf1 Nc7 27. Kg3
Qe8 28. h4 h5 29. gxh5 gxh5 30. Bg5 Rf5 31. Bxe7 Qxe7 32. Ng5
Rxg5+ 33. hxg5 Qxg5+ 34. Kh2 Qh4+ 35. Kg1 Rxf2 36. Rxf2 Nb5
37. Nf3 Qf4 38. Ng5 Qc1+ 39. Kh2 Nf8 40. Rf7+ 1-0

[Event "Aeroflot Open"]
[Site "Moscow RUS"]
[Date "2008.02.22"]
[EventDate "2008.02.14"]
[Round "9"]
[Result "1/2-1/2"]
[White "Gadir Guseinov"]
[Black "Maxim Rodshtein"]
[WhiteElo "2617"]
[BlackElo "2614"]
[PlyCount "69"]

1. e4 e6 2. d4 d5 3. Nc3 Nf6 4. Bg5 Bb4 5. e5 h6 6. Bd2 Bxc3
7. bxc3 Ne4 8. Qg4 g6 9. Bd3 Nxd2 10. Kxd2 c5 11. Nf3 c4
12. Be2 Nc6 13. Qf4 Qe7 14. Qf6 Qxf6 15. exf6 Kd7 16. Ne5+
Nxe5 17. dxe5 Kc6 18. Ke3 Kc5 19. h4 Bd7 20. Rab1 b6 21. g4
Ba4 22. Rb2 Rhg8 23. f4 Rad8 24. Rd1 Bc6 25. Bf3 a5 26. Rbb1
Rde8 27. Rd2 b5 28. a3 Rh8 29. Rdd1 Rhg8 30. Rd2 Rb8 31. Rdd1
Rbe8 32. Kf2 Rb8 33. Ke3 Rbe8 34. Kf2 Rb8 35. Ke3 1/2-1/2

[Event "European Individual Championship"]
[Site "Plovdiv BUL"]
[Date "2008.04.21"]
[EventDate "2008.04.21"]
[Round "1"]
[Result "0-1"]
[White "Tornike Sanikidze"]
[Black "Maxim Rodshtein"]
[WhiteElo "2458"]
[BlackElo "2626"]
[PlyCount "96"]

1. d4 Nf6 2. c4 g6 3. Nc3 d5 4. Bg5 Ne4 5. Bh4 Nxc3 6. bxc3
dxc4 7. e3 Be6 8. Qb1 c5 9. Qxb7 Bd5 10. Qb5+ Qd7 11. Rb1 Qxb5
12. Rxb5 Nd7 13. Ne2 e5 14. f3 Bg7 15. Rb1 Bc6 16. Nc1 exd4
17. cxd4 cxd4 18. Bxc4 dxe3 19. Bg5 Nb6 20. Bb5 Bxb5 21. Rxb5
O-O 22. Bxe3 Nc4 23. Bf4 Rad8 24. Kf2 Bd4+ 25. Kg3 Rfe8 26. h4
Nd6 27. Rb3 Nf5+ 28. Kh3 Bb6 29. Rb2 Rd4 30. g3 h5 31. Rd2 Rc8
32. Re2 f6 33. Rhe1 Kf7 34. Nb3 Rd3 35. Kg2 Rcc3 36. Rf1 Be3
37. Nc1 Rd4 38. Nb3 Rd7 39. Kh3 Bxf4 40. gxf4 Rdd3 41. Ref2
Rc4 42. Rc1 Rxc1 43. Nxc1 Rd4 44. Rc2 Rxf4 45. Rc7+ Ke6
46. Rxa7 Rxf3+ 47. Kh2 Nxh4 48. a4 Rc3 0-1

[Event "European Individual Championship"]
[Site "Plovdiv BUL"]
[Date "2008.04.22"]
[EventDate "2008.04.21"]
[Round "2"]
[Result "1/2-1/2"]
[White "Maxim Rodshtein"]
[Black "Goran Dizdar"]
[WhiteElo "2626"]
[BlackElo "2548"]
[PlyCount "62"]

1. d4 d5 2. Nf3 Nf6 3. c4 e6 4. Nc3 Bb4 5. cxd5 exd5 6. Bg5 h6
7. Bh4 g5 8. Bg3 Ne4 9. Nd2 Nxg3 10. hxg3 c6 11. e3 Be6
12. Bd3 Nd7 13. a3 Bd6 14. Qb3 Nb6 15. Qc2 Qe7 16. O-O-O O-O-O
17. Kb1 Kb8 18. Rhe1 h5 19. Nf3 h4 20. gxh4 gxh4 21. e4 dxe4
22. Nxe4 Bg4 23. Ned2 Qd7 24. Rh1 h3 25. gxh3 Rxh3 26. Rxh3
Bxh3 27. Ne4 Bg2 28. Nh4 Bh3 29. Nf3 Bg2 30. Nh4 Bh3 31. Nf3
Bg2 1/2-1/2

[Event "European Individual Championship"]
[Site "Plovdiv BUL"]
[Date "2008.04.23"]
[EventDate "2008.04.21"]
[Round "3"]
[Result "1/2-1/2"]
[White "Ildar Khairullin"]
[Black "Maxim Rodshtein"]
[WhiteElo "2554"]
[BlackElo "2626"]
[PlyCount "49"]

1. e4 e6 2. d4 d5 3. Nd2 c5 4. exd5 Qxd5 5. Ngf3 cxd4 6. Bc4
Qd6 7. O-O Nf6 8. Nb3 Nc6 9. Nbxd4 Nxd4 10. Nxd4 a6 11. Re1
Qc7 12. Bd3 Bd7 13. Qf3 O-O-O 14. Bf4 Bd6 15. Bxd6 Qxd6 16. c3
Kb8 17. Qg3 Qxg3 18. hxg3 Ba4 19. Re2 h5 20. Rae1 h4 21. gxh4
Rxh4 22. g3 Rh6 23. f4 Rdh8 24. Kf2 Rh5 25. Nf3 1/2-1/2